Enterprise Networks and Logistics for Agile manufacturing (Record no. 3226)

MARC details
000 -LEADER
fixed length control field 00450nam a22001697a 4500
003 - CONTROL NUMBER IDENTIFIER
control field OSt
005 - DATE AND TIME OF LATEST TRANSACTION
control field 20160413180616.0
008 - FIXED-LENGTH DATA ELEMENTS--GENERAL INFORMATION
fixed length control field 160310b xxu||||| |||| 00| 0 eng d
020 ## - INTERNATIONAL STANDARD BOOK NUMBER
International Standard Book Number 978-1-84996-244-5
040 ## - CATALOGING SOURCE
Transcribing agency DDC.
082 ## - DEWEY DECIMAL CLASSIFICATION NUMBER
Classification number 658.5ENT 2010.
100 ## - MAIN ENTRY--PERSONAL NAME
Personal name Lihui,Wang;Koh,Lenny;
9 (RLIN) 7245
245 ## - TITLE STATEMENT
Title Enterprise Networks and Logistics for Agile manufacturing
300 ## - PHYSICAL DESCRIPTION
Extent 55p;
Other physical details ill;
Dimensions 30cm.
650 ## - SUBJECT ADDED ENTRY--TOPICAL TERM
Topical term or geographic name as entry element Logistics.
9 (RLIN) 7242
942 ## - ADDED ENTRY ELEMENTS (KOHA)
Source of classification or shelving scheme Dewey Decimal Classification
Koha item type Short Loan
Holdings
Withdrawn status Lost status Source of classification or shelving scheme Damaged status Not for loan Home library Current library Date acquired Source of acquisition Inventory number Total Checkouts Full call number Barcode Date last seen Price effective from Koha item type
    Dewey Decimal Classification     MUST Main Library MUST Main Library 10/03/2016   12/36606   658.5ENT 2010. 2016-0414 10/03/2016 10/03/2016 Short Loan